| 000 | 00687cam a2200157 4500 | ||
|---|---|---|---|
| 001 | WS106782 | ||
| 008 | 000000n 000 0 eng u | ||
| 035 | _a(Sirsi) u106782 | ||
| 110 |
_aCentre for Facilities Management _92923 |
||
| 245 | _aCentre for Facilities Management | ||
| 520 | _aAcademic web site for this organisation which 'acts as an international focus for facilities management issues'. Includes details of their publications, the latest industry news and access to other FM sites. | ||
| 650 | _aRESEARCH | ||
| 690 | _aMANAGEMENT-FACILITIES MANAGEMENT | ||
| 856 | 4 | 0 |
_uhttps://www.cfm.salford.ac.uk/ _zView the website free of charge at www.cfm.salford.ac.uk... |
| 942 | _n0 | ||
| 999 |
_c119518 _d119518 |
||